[Event "Women's Speed Chess Q3"]
[Site "chess.com INT"]
[Date "2021.05.30"]
[Round "4"]
[White "Balabayeva, Xeniya"]
[Black "Koridze, Lile"]
[Result "0-1"]
[WhiteTitle "WFM"]
[BlackTitle "WFM"]
[WhiteElo "2178"]
[BlackElo "2016"]
[WhiteFideId "13719688"]
[BlackFideId "13612514"]
[EventDate "2021.05.30"]

1. e4 c5 2. Nf3 d6 3. Bb5+ Nd7 4. Ba4 a6 5. c4 Nf6 6. O-O Nxe4 7. Re1 Nf6 8. d4
cxd4 9. Nxd4 g6 10. Bf4 e5 11. Nf3 Be7 12. Bg5 O-O 13. Nc3 Nc5 14. Bc2 Bg4 15.
h3 Be6 16. b3 Re8 17. Bxf6 Bxf6 18. Nd5 Bxd5 19. Qxd5 e4 20. Nh2 Bxa1 21. Rxa1
Qf6 22. Re1 Re5 23. Qd2 Rae8 24. Ng4 Qe6 25. Nxe5 Qxe5 26. Qe3 f5 27. Rd1 Qe6
28. g3 Nd7 29. Qd4 Ne5 30. Qxd6 Nf3+ 31. Kg2 Qf7 32. Qd5 Qxd5 33. Rxd5 Ne1+ 34.
Kf1 Nxc2 35. c5 Nb4 36. Rd7 Nxa2 37. Rxb7 Rc8 38. b4 Nc3 39. Rb6 a5 40. bxa5
Rxc5 41. a6 Ra5 42. Rb8+ Kf7 43. Rb7+ Kf6 44. a7 Ra1+ 45. Kg2 Ke5 46. Rxh7 Kd4
47. Rd7+ Nd5 48. Rg7 e3 49. fxe3+ Nxe3+ 50. Kf3 Rf1+ 51. Ke2 Ra1 52. h4 Nd5 53.
Rxg6 Rxa7 54. h5 Ra2+ 55. Kf3 Rh2 56. h6 Ke5 57. Ra6 Rh5 58. g4 Rh3+ 59. Kg2
fxg4 60. Rg6 Nf4+ 0-1

[Event "Women's Speed Chess Q3"]
[Site "chess.com INT"]
[Date "2021.05.30"]
[Round "4"]
[White "Batsiashvili, Nino"]
[Black "Padmini, Rout"]
[Result "1-0"]
[WhiteTitle "GM"]
[BlackTitle "IM"]
[WhiteElo "2491"]
[BlackElo "2370"]
[WhiteFideId "13602993"]
[BlackFideId "5029295"]
[EventDate "2021.05.30"]

1. d4 Nf6 2. c4 c5 3. d5 b5 4. Qc2 b4 5. e4 d6 6. Bd3 g6 7. Nd2 Bg7 8. f4 O-O 9.
Ndf3 a5 10. Ne2 e5 11. fxe5 dxe5 12. O-O Ne8 13. Be3 Na6 14. Rae1 Nd6 15. Bg5 f6
16. Bh4 Bd7 17. h3 Qb6 18. g4 a4 19. b3 axb3 20. axb3 Nc7 21. Bf2 Ra3 22. Ng3
Rfa8 23. Qd2 Ra2 24. Bc2 R8a3 25. Qd3 Na6 26. Bb1 Rb2 27. Bc2 Raa2 28. Re2 Qa5
29. Bd1 Qa3 30. Rxb2 Qxb2 31. g5 f5 32. h4 f4 33. Ne2 Bg4 34. Kg2 Ra1 35. Neg1
Qb1 36. Be2 Qxd3 37. Bxd3 Ra3 38. Bc2 Ra2 39. Bd3 Bf8 40. Nxe5 Bc8 41. Ngf3 Bg7
42. Nc6 Bc3 43. e5 Nf5 44. e6 Bxe6 45. dxe6 Ne3+ 46. Kg1 Nxf1 47. Bxf1 Ra1 48.
e7 Kf7 49. Kg2 Bb2 50. Bd3 Bd4 51. Be4 Bxf2 52. Kxf2 Ke8 53. Bd5 Nc7 54. Nfe5
Ra2+ 55. Kf3 Rb2 56. Kxf4 Nxd5+ 57. cxd5 Rd2 58. Ke4 c4 59. Nxc4 Re2+ 60. Kd4
Rh2 61. d6 Rxh4+ 62. Kd5 Rh3 63. N4e5 Rxb3 64. d7# 1-0

[Event "Women's Speed Chess Q3"]
[Site "chess.com INT"]
[Date "2021.05.30"]
[Round "4"]
[White "Bommini, Mounika Akshaya"]
[Black "Papp, Petra"]
[Result "0-1"]
[WhiteTitle "WFM"]
[BlackTitle "WGM"]
[WhiteElo "2029"]
[BlackElo "2336"]
[WhiteFideId "25019872"]
[BlackFideId "739049"]
[EventDate "2021.05.30"]

1. d4 Nf6 2. c4 c5 3. d5 b5 4. Qc2 bxc4 5. e4 d6 6. Bxc4 g6 7. Nc3 Bg7 8. f4 O-O
9. Nf3 a5 10. O-O Ba6 11. Nb5 Qb6 12. a4 Bxb5 13. Bxb5 Na6 14. Bd2 Nb4 15. Bxb4
cxb4+ 16. Kh1 Ng4 17. Qd2 Bh6 18. Nd4 Rac8 19. h3 Nf6 20. Nc6 Rc7 21. Qe2 Nh5
22. Kh2 Bxf4+ 23. Rxf4 Nxf4 24. Qf3 Nh5 25. Rf1 Nf6 26. g4 h6 27. h4 g5 28. hxg5
hxg5 29. Nxe7+ Rxe7 30. Qxf6 Re5 31. Rf3 Qd4 32. Rh3 Qd2+ 33. Kg1 Qd1+ 34. Kh2
Qd2+ 35. Kg1 Qd1+ 36. Kg2 Qxg4+ 37. Kh2 Qf4+ 38. Qxf4 gxf4 39. Rf3 Rh5+ 40. Kg2
f5 41. Rxf4 Rg5+ 42. Kf3 fxe4+ 43. Kxe4 Re5+ 44. Kf3 Rxf4+ 45. Kxf4 Kg7 46. Bc6
Kf6 47. b3 Re1 48. Bb5 Rb1 49. Bc4 Rd1 50. Ke4 Re1+ 51. Kf4 Rd1 52. Ke4 Rd2 53.
Kf4 Rd4+ 54. Ke3 Ke5 55. Ke2 Rh4 56. Kd3 Rh3+ 57. Kc2 Kd4 58. Kb2 Rh2+ 59. Kc1
Kc3 60. Kd1 Rd2+ 61. Ke1 Rd4 62. Ke2 Rxc4 0-1

[Event "Women's Speed Chess Q3"]
[Site "chess.com INT"]
[Date "2021.05.30"]
[Round "4"]
[White "Tanishka, Kotia"]
[Black "Mordido, Kylen Joy"]
[Result "1-0"]
[WhiteTitle "WFM"]
[BlackTitle "WIM"]
[WhiteElo "1849"]
[BlackElo "2014"]
[WhiteFideId "25005600"]
[BlackFideId "5219086"]
[EventDate "2021.05.30"]

1. e4 c5 2. c3 d5 3. exd5 Qxd5 4. d4 cxd4 5. cxd4 Nf6 6. Nc3 Qd8 7. Nf3 e6 8.
Be3 Nc6 9. Bb5 Bd7 10. O-O Be7 11. Bxc6 Bxc6 12. Ne5 Bd5 13. Rc1 O-O 14. Nxd5
Nxd5 15. Qb3 Rb8 16. Rc2 Bf6 17. Nf3 Qd6 18. Rfc1 b6 19. Rc6 Qd7 20. Ne5 Bxe5
21. dxe5 Rfc8 22. Qa4 Rxc6 23. Qxc6 Qe7 24. Bd4 h6 25. a3 Rd8 26. h3 Rd7 27. Qa4
Rc7 28. Rxc7 Qxc7 29. Kh2 Qe7 30. Bc3 Kh7 31. Qc4 g6 32. Qd3 Qc5 33. Qf3 Kg7 34.
Bd2 Qc2 35. Bc3 Qb3 36. Qd3 Qa4 37. Qd2 Qe4 38. Qd1 Nxc3 39. bxc3 Qxe5+ 40. Kh1
Qxc3 41. Qd7 Qxa3 42. Qd4+ Kg8 43. Qf6 a5 44. Qd8+ Qf8 45. Qd4 a4 46. Qxb6 a3
47. Qa5 Qa8 48. Qxa8+ Kg7 49. Qxa3 e5 50. Qb2 f6 51. Qe2 Kf7 52. Qc4+ Ke7 53. g3
Kd6 54. Kg2 f5 55. g4 e4 56. gxf5 gxf5 57. Qf7 Ke5 58. Qg6 Kf4 59. Qxh6+ Ke5 60.
f4+ exf3+ 61. Kxf3 Kd4 62. Qf4+ Kd5 63. Qxf5+ Kd6 64. h4 Ke7 65. h5 Kd6 66. h6 1-0

[Event "Women's Speed Chess Q3"]
[Site "chess.com INT"]
[Date "2021.05.30"]
[Round "4"]
[White "Dworakowska, Joanna"]
[Black "Dauletova, Gulmira"]
[Result "1/2-1/2"]
[WhiteTitle "IM"]
[BlackTitle "WGM"]
[WhiteElo "2322"]
[BlackElo "2285"]
[WhiteFideId "1107445"]
[BlackFideId "13702971"]
[EventDate "2021.05.30"]

1. e4 e5 2. Nf3 Nc6 3. Bc4 Bc5 4. O-O Nf6 5. Re1 O-O 6. h3 d6 7. Nc3 a6 8. a3 h6
9. Nd5 Be6 10. d3 Bxd5 11. exd5 Ne7 12. d4 exd4 13. Nxd4 Nexd5 14. Nf5 c6 15.
Bxd5 Nxd5 16. Qg4 Qf6 17. Nxh6+ Kh7 18. Nf5 g6 19. c4 Qxf5 20. Qxf5 gxf5 21.
cxd5 cxd5 22. Bf4 Rfe8 23. Kf1 Re4 24. g3 Rae8 25. Red1 d4 26. Rd2 a5 27. Rad1
a4 28. Rc2 Kg6 29. h4 Rh8 30. Kg2 Rhe8 31. Kf3 b6 32. h5+ Kg7 33. h6+ Kh7 34.
Rcd2 d5 35. Rc2 R4e6 36. Rcd2 Rg6 37. Rc2 Rge6 38. Rcd2 Rc6 39. Rc2 Rg6 40. Rcd2
Re4 41. Rc2 Rxf4+ 42. Kxf4 Rxh6 43. Kxf5 Re6 44. f4 Re3 45. g4 d3 46. Rcd2 Bd4
47. Rxd3 Rxd3 48. Rxd3 Bxb2 49. g5 Kg7 50. Kg4 d4 51. f5 b5 52. Kf4 b4 53. axb4
a3 54. Rd1 a2 55. Ke4 a1=Q 56. Rxa1 Bxa1 57. b5 Bc3 58. b6 Ba5 59. b7 Bc7 60.
Kxd4 Kf8 61. Kd5 Ke7 62. Kc6 Bb8 63. Kb6 Kd6 64. g6 fxg6 65. fxg6 Ke6 66. Kc6
Kf6 67. Kd7 Kxg6 68. Kc8 Bg3 69. b8=Q Bxb8 1/2-1/2

[Event "Women's Speed Chess Q3"]
[Site "chess.com INT"]
[Date "2021.05.30"]
[Round "4"]
[White "Zhuravleva, Olga"]
[Black "Eswaran, Aksithi"]
[Result "1/2-1/2"]
[WhiteTitle "WIM"]
[BlackTitle "WCM"]
[WhiteElo "2278"]
[BlackElo "1745"]
[WhiteFideId "4145933"]
[BlackFideId "2083485"]
[EventDate "2021.05.30"]

1. e4 c5 2. Nf3 Nc6 3. Nc3 e5 4. Bc4 d6 5. d3 Be7 6. O-O Nf6 7. h3 O-O 8. Nd5
Be6 9. c3 Na5 10. Be3 Nxc4 11. Nxf6+ Bxf6 12. dxc4 Bxc4 13. b3 Be6 14. c4 Qc7
15. Qd2 Rad8 16. Rfd1 Be7 17. Bg5 f6 18. Be3 f5 19. exf5 Bxf5 20. Bg5 Bxg5 21.
Qxg5 Bg6 22. Rd2 Bf5 23. Rad1 Bxh3 24. Nxe5 Rde8 25. Ng4 Bxg4 26. Qxg4 Rf6 27.
Qh5 Ref8 28. Qd5+ Qf7 29. Qe4 Rxf2 30. Rxd6 Rf1+ 31. Rxf1 Qxf1+ 32. Kh2 Qf4+ 33.
Qxf4 Rxf4 34. Kg3 Rf7 35. Rd5 b6 36. Rd8+ Rf8 37. Rd7 Ra8 38. Kf4 a6 39. Rb7 b5
40. cxb5 axb5 41. Rxb5 Rxa2 42. Rxc5 Rxg2 43. b4 Rb2 44. b5 Kf7 45. Ke5 h5 46.
Rc7+ Kg6 47. Rc6+ Kg5 48. b6 h4 49. Rc7 Rxb6 50. Rxg7+ Kh5 51. Rh7+ Kg4 52. Rg7+
Kh3 53. Kf4 Rb3 54. Rg6 Rg3 55. Rh6 Rg4+ 56. Kf3 Rg8 57. Kf2 Rg4 58. Rf6 Kh2 59.
Rf3 Rg3 60. Rf4 h3 61. Rh4 Rg2+ 62. Kf3 Rg3+ 63. Kf2 Ra3 64. Rh5 Ra2+ 65. Kf1
Ra3 66. Kf2 Rg3 67. Rh6 Rg8 68. Rh5 Rg7 69. Rf5 Kh1 70. Rh5 h2 71. Kf3 Rf7+ 72.
Kg3 Rg7+ 73. Kf2 Rf7+ 74. Ke1 Rf3 75. Ke2 Rg3 76. Kf2 Rg8 77. Kf1 Rg1+ 78. Kf2
Rg6 79. Kf1 Rf6+ 80. Ke2 Kg2 81. Rg5+ Kh3 82. Rh5+ Kg3 83. Rh8 Rg6 84. Kf1 Rf6+
85. Ke2 Re6+ 86. Kf1 Re4 87. Rg8+ Rg4 88. Rxg4+ Kxg4 89. Kg2 Kh4 90. Kxh2 1/2-1/2

[Event "Women's Speed Chess Q3"]
[Site "chess.com INT"]
[Date "2021.05.30"]
[Round "4"]
[White "Antonova, Nadezhda"]
[Black "Mrudul, Dehankar"]
[Result "0-1"]
[WhiteTitle "WFM"]
[BlackTitle "WIM"]
[WhiteElo "1877"]
[BlackElo "2256"]
[WhiteFideId "14700182"]
[BlackFideId "25096990"]
[EventDate "2021.05.30"]

1. b3 Nf6 2. Bb2 g6 3. Bxf6 exf6 4. c4 Bg7 5. Nc3 d6 6. g3 f5 7. Rc1 O-O 8. Bg2
Nc6 9. e3 Qe7 10. Nge2 Ne5 11. d4 Ng4 12. h3 Nf6 13. O-O c6 14. Qc2 Re8 15. b4
Be6 16. Qd3 a5 17. b5 Bd7 18. bxc6 bxc6 19. Rb1 Reb8 20. Rxb8+ Rxb8 21. Rb1 Qd8
22. Nf4 Rb4 23. a3 Rb8 24. h4 h5 25. Nh3 Qc7 26. Ng5 Rb7 27. Rxb7 Qxb7 28. Qb1
Qxb1+ 29. Nxb1 Ne8 30. Nd2 Nc7 31. Kf1 a4 32. Ke2 c5 33. Kd3 Ne6 34. Nxe6 fxe6
35. Bb7 Kf7 36. Ba6 Ke7 37. Bb5 cxd4 38. exd4 e5 39. d5 e4+ 40. Kc2 Bd4 41. f3
e3 42. Nb1 Be5 43. f4 Bd4 44. Kd3 Bc5 45. Ke2 Bxb5 46. cxb5 Kd7 47. Nc3 Bxa3 48.
Nxa4 Bc1 49. Nc3 Kc7 50. Nd1 Kb6 51. Nxe3 Bxe3 52. Kxe3 Kxb5 53. Kd4 Kb4 54. Kd3
Kc5 55. Ke3 Kxd5 56. Kd3 Kc5 57. Kc3 d5 58. Kd3 d4 59. Kd2 Kd5 60. Kd3 Kc5 61.
Kd2 Kc4 62. Kc2 d3+ 63. Kd2 Kd4 64. Kd1 Ke3 65. Ke1 Kf3 66. Kd2 Kxg3 67. Kxd3
Kxf4 68. Ke2 Kg3 69. Ke3 f4+ 70. Ke2 Kg2 71. Kd3 f3 72. Ke3 f2 73. Kf4 f1=Q+ 74.
Kg5 Qf5+ 75. Kh6 Qg4 76. Kg7 Qxh4 77. Kxg6 Qg4+ 78. Kh6 h4 79. Kh7 h3 80. Kh8 h2
81. Kh7 h1=Q# 0-1

[Event "Women's Speed Chess Q3"]
[Site "chess.com INT"]
[Date "2021.05.30"]
[Round "5"]
[White "Ziegenfuss, Antonia"]
[Black "Buksa, Nataliya"]
[Result "0-1"]
[WhiteTitle "WFM"]
[BlackTitle "IM"]
[WhiteElo "2157"]
[BlackElo "2414"]
[WhiteFideId "12962554"]
[BlackFideId "14123622"]
[EventDate "2021.05.30"]

1. d4 d5 2. c4 e6 3. Nc3 Be7 4. cxd5 exd5 5. Bf4 Nf6 6. e3 c6 7. h3 Nbd7 8. Bd3
Nb6 9. Nge2 Be6 10. O-O O-O 11. Bg5 h6 12. Bh4 Re8 13. Qc2 Nbd7 14. Rae1 Nf8 15.
f3 Qd7 16. Nf4 Rad8 17. Na4 b6 18. Nxe6 Nxe6 19. Rc1 c5 20. Nc3 cxd4 21. exd4
Nxd4 22. Qf2 Bc5 23. Qg3 Ne2+ 24. Kh2 Nxg3 0-1

[Event "Women's Speed Chess Q3"]
[Site "chess.com INT"]
[Date "2021.05.30"]
[Round "5"]
[White "Mkrtchian, Lilit"]
[Black "Kazarian, Anna-Maja"]
[Result "1-0"]
[WhiteTitle "IM"]
[BlackTitle "FM"]
[WhiteElo "2388"]
[BlackElo "2096"]
[WhiteFideId "13300601"]
[BlackFideId "1033689"]
[EventDate "2021.05.30"]

1. e4 e6 2. d4 d5 3. Nc3 Nf6 4. e5 Nfd7 5. f4 c5 6. Nf3 Nc6 7. Be3 Be7 8. Qd2
O-O 9. dxc5 Bxc5 10. O-O-O Qa5 11. Bxc5 Nxc5 12. Kb1 a6 13. Nd4 Qc7 14. Nb3 Nxb3
15. cxb3 b5 16. Bd3 b4 17. Na4 a5 18. Rc1 Qb6 19. Nxb6 1-0

[Event "Women's Speed Chess Q3"]
[Site "chess.com INT"]
[Date "2021.05.30"]
[Round "5"]
[White "Eswaran, Ashritha"]
[Black "Soumya, Swaminathan"]
[Result "0-1"]
[WhiteTitle "WIM"]
[BlackTitle "IM"]
[WhiteElo "2244"]
[BlackElo "2351"]
[WhiteFideId "2080788"]
[BlackFideId "5016193"]
[EventDate "2021.05.30"]

1. e4 c5 2. Nf3 Nc6 3. d4 cxd4 4. Nxd4 Nf6 5. Nc3 d6 6. Bg5 e6 7. Qd2 a6 8.
O-O-O Be7 9. f4 Bd7 10. Nf3 b5 11. Kb1 b4 12. Bxf6 gxf6 13. Ne2 Qb6 14. Ned4 Rc8
15. g3 h5 16. Nxc6 Bxc6 17. Bd3 a5 18. Rhe1 a4 19. f5 e5 20. Bc4 Qc5 21. Qd3 Kd7
22. Rc1 Rhf8 23. Nd2 Ke8 24. Bd5 Bb5 25. Qf3 Rh8 26. Nf1 a3 27. b3 Bf8 28. Ne3
Bh6 29. Nf1 Bxc1 30. Rxc1 Bxf1 31. Rxf1 Qxc2+ 32. Ka1 Qb2# 0-1

[Event "Women's Speed Chess Q3"]
[Site "chess.com INT"]
[Date "2021.05.30"]
[Round "5"]
[White "Narva, Regina"]
[Black "Chu, Ruotong"]
[Result "0-1"]
[WhiteTitle "WFM"]
[BlackTitle "WIM"]
[WhiteElo "1901"]
[BlackElo "2207"]
[WhiteFideId "4500237"]
[BlackFideId "8605653"]
[EventDate "2021.05.30"]

1. e4 c5 2. Nc3 Nc6 3. Nf3 e6 4. d4 cxd4 5. Nxd4 Qc7 6. Nde2 Nf6 7. g3 a6 8. Bg2
b5 9. a3 Bb7 10. O-O Bc5 11. h3 h6 12. g4 Ne5 13. Kh1 h5 14. g5 Nfg4 15. hxg4
hxg4+ 16. Bh3 Rxh3+ 17. Kg2 Ng6 18. Ng3 Nh4+ 0-1

[Event "Women's Speed Chess Q3"]
[Site "chess.com INT"]
[Date "2021.05.30"]
[Round "5"]
[White "Vo, Thi Kim Phung"]
[Black "Paehtz, Elisabeth"]
[Result "0-1"]
[WhiteTitle "WGM"]
[BlackTitle "IM"]
[WhiteElo "2335"]
[BlackElo "2456"]
[WhiteFideId "12401838"]
[BlackFideId "4641833"]
[EventDate "2021.05.30"]

1. d4 g6 2. c4 Bg7 3. Nc3 d6 4. Nf3 Nc6 5. e4 Bg4 6. Be3 Bxf3 7. gxf3 e5 8. d5
Nd4 9. f4 c5 10. fxe5 dxe5 11. h4 Nf6 12. Be2 h5 13. Bg5 Qd7 14. Qd2 Ng4 15. f3
Nf6 16. O-O-O a6 17. f4 Ng4 18. fxe5 Nxe5 19. Rdf1 O-O 20. Kb1 b5 21. Bf6 Bxf6
22. Rxf6 Kg7 0-1

[Event "Women's Speed Chess Q3"]
[Site "chess.com INT"]
[Date "2021.05.30"]
[Round "5"]
[White "Berend, Elvira"]
[Black "Golubenko, Valentina"]
[Result "1-0"]
[WhiteTitle "WGM"]
[BlackTitle "WGM"]
[WhiteElo "2326"]
[BlackElo "2209"]
[WhiteFideId "4000510"]
[BlackFideId "4501993"]
[EventDate "2021.05.30"]

1. e4 g6 2. d4 Bg7 3. Nc3 c5 4. Nf3 cxd4 5. Nxd4 Nc6 6. Be3 Nf6 7. Bc4 O-O 8.
Bb3 Ng4 9. Qxg4 Nxd4 10. Qh4 Nxb3 11. axb3 d6 12. O-O Be6 13. Rfd1 a6 14. h3 Rc8
15. Bg5 Re8 16. Be3 Qc7 17. Bd4 Bxd4 18. Rxd4 Qc5 19. Rad1 b5 20. b4 Qc6 21. Qh6
Qb6 22. e5 dxe5 23. Rh4 1-0

[Event "Women's Speed Chess Q3"]
[Site "chess.com INT"]
[Date "2021.05.30"]
[Round "5"]
[White "Swati, Mohota"]
[Black "Purtseladze, Maka"]
[Result "0-1"]
[WhiteTitle "WFM"]
[BlackTitle "IM"]
[WhiteElo "2027"]
[BlackElo "2274"]
[WhiteFideId "5006511"]
[BlackFideId "13602659"]
[EventDate "2021.05.30"]

1. d4 e6 2. Nf3 b6 3. g3 Bb7 4. Bg2 f5 5. O-O Nf6 6. b3 a5 7. Bb2 a4 8. c4 a3 9.
Bc3 Ne4 10. Qc2 Nxc3 11. Nxc3 Bb4 12. Ne5 Bxg2 13. Kxg2 d6 14. Nd3 c5 15. Nxb4
cxb4 16. Nb5 O-O 17. Rad1 d5 18. cxd5 Qxd5+ 19. f3 Qxb5 20. e4 fxe4 21. fxe4 Nc6
22. d5 Rxf1 23. Rxf1 exd5 24. e5 Nd4 25. Qc7 Qe2+ 26. Rf2 Qe4+ 27. Kh3 Nf3 28.
Qc6 Ng5# 0-1

[Event "Women's Speed Chess Q3"]
[Site "chess.com INT"]
[Date "2021.05.30"]
[Round "5"]
[White "Froewis, Annika"]
[Black "Varney, Zoe"]
[Result "1-0"]
[WhiteTitle "WFM"]
[BlackTitle "WCM"]
[WhiteElo "2143"]
[BlackElo "1917"]
[WhiteFideId "1621432"]
[BlackFideId "436135"]
[EventDate "2021.05.30"]

1. e4 e5 2. Nf3 Nc6 3. d4 exd4 4. Bc4 Bc5 5. c3 Nf6 6. O-O O-O 7. e5 Ne4 8. Re1
d5 9. Bd3 dxc3 10. Bxe4 cxb2 11. Bxh7+ Kxh7 12. Bxb2 Bg4 13. Qc2+ Kg8 14. Qxc5
Bxf3 15. gxf3 Qg5+ 16. Kh1 Qf4 17. Qe3 Qh4 18. Rg1 d4 19. Qg5 Qh7 20. Nd2 Rae8
21. Ne4 Re6 22. Nf6+ Rxf6 23. exf6 g6 24. Rad1 Re8 25. Bxd4 Nxd4 26. Rxd4 c5 27.
Rh4 Qxh4 28. Qxh4 Re5 29. Qh6 Rh5 30. Qg7# 1-0

[Event "Women's Speed Chess Q3"]
[Site "chess.com INT"]
[Date "2021.05.30"]
[Round "5"]
[White "Nandhidhaa, P V"]
[Black "Petrova, Irina"]
[Result "0-1"]
[WhiteTitle "WGM"]
[BlackTitle "WIM"]
[WhiteElo "2365"]
[BlackElo "2110"]
[WhiteFideId "5050847"]
[BlackFideId "14124122"]
[EventDate "2021.05.30"]

1. e4 d6 2. d4 Nf6 3. Nc3 e5 4. dxe5 dxe5 5. Qxd8+ Kxd8 6. Bc4 Ke8 7. Nge2 Bd6
8. Be3 a6 9. a4 Nbd7 10. a5 Bc5 11. Bxc5 Nxc5 12. f3 Be6 13. Bxe6 Nxe6 14. O-O-O
Ke7 15. Ng3 g6 16. Nd5+ Nxd5 17. exd5 Nf4 18. Rhe1 f6 19. Rd2 Rad8 20. c4 c6 21.
dxc6 bxc6 22. Ne4 Nd3+ 23. Kd1 Nxe1 24. Kxe1 Rxd2 25. Kxd2 Rd8+ 26. Kc3 f5 27.
Nc5 g5 28. b4 g4 29. Nxa6 gxf3 30. gxf3 e4 31. fxe4 fxe4 32. Nc5 e3 33. Nd3 e2
34. Ne1 Rd1 35. Nf3 e1=Q+ 36. Nxe1 Rxe1 37. Kd4 Kd6 38. c5+ Kc7 39. a6 Ra1 40.
Ke5 Rxa6 41. Kf6 Ra4 42. Kg7 Rxb4 43. Kxh7 Rh4+ 44. Kg6 Rxh2 45. Kf5 Rc2 0-1

[Event "Women's Speed Chess Q3"]
[Site "chess.com INT"]
[Date "2021.05.30"]
[Round "5"]
[White "Zuriel, Marisa"]
[Black "Zaichenko, Daria"]
[Result "0-1"]
[WhiteTitle "WIM"]
[BlackTitle "WFM"]
[WhiteElo "2203"]
[BlackElo "2104"]
[WhiteFideId "109142"]
[BlackFideId "4197453"]
[EventDate "2021.05.30"]

1. e4 e5 2. Nf3 d6 3. Bc4 Be7 4. O-O Nf6 5. d3 O-O 6. a4 Bg4 7. h3 Bh5 8. a5 Nc6
9. c3 d5 10. exd5 Nxd5 11. a6 b6 12. Re1 Na5 13. Ba2 Nf4 14. Bxf4 exf4 15. d4 c5
16. Nbd2 cxd4 17. cxd4 Nc6 18. d5 Nd4 19. Re4 Nxf3+ 20. Nxf3 Bd6 21. Bc4 Rc8 22.
Qb3 Bxf3 23. gxf3 Qh4 24. Bf1 f5 25. Re6 Bc5 26. Re2 Rf6 27. d6+ Kh8 28. d7 Rg6+
29. Kh1 Rf8 30. Rd1 Bxf2 31. Qf7 Rg1+ 32. Kh2 Qg3# 0-1

[Event "Women's Speed Chess Q3"]
[Site "chess.com INT"]
[Date "2021.05.30"]
[Round "5"]
[White "Zhuravleva, Olga"]
[Black "Ramirez, Maria Eugenia"]
[Result "1-0"]
[WhiteTitle "WIM"]
[BlackTitle "WFM"]
[WhiteElo "2278"]
[BlackElo "2057"]
[WhiteFideId "4145933"]
[BlackFideId "3301680"]
[EventDate "2021.05.30"]

1. e4 e5 2. Nf3 Nc6 3. Bc4 Nf6 4. Ng5 d5 5. exd5 Na5 6. Bb5+ c6 7. dxc6 bxc6 8.
Be2 h6 9. Nf3 e4 10. Ne5 Qd4 11. f4 Bc5 12. Rf1 O-O 13. c3 Qd8 14. Qa4 Bb6 15.
Na3 Nd5 16. b4 Qh4+ 17. Kd1 Nb7 18. Kc2 Qxh2 19. Qxc6 Nxf4 20. Qxe4 Nxe2 21.
Qxe2 Bf5+ 22. Rxf5 Rae8 23. d4 g6 24. Rf6 Kg7 25. Qf3 Nd6 26. Rxd6 h5 27. Bg5
Bc7 28. Bf6+ Kh7 29. Rd7 Bxe5 30. dxe5 Re6 31. Rf1 Ree8 32. Rf2 Qh1 33. Rfd2 1-0

[Event "Women's Speed Chess Q3"]
[Site "chess.com INT"]
[Date "2021.05.30"]
[Round "5"]
[White "Li, Xueyi"]
[Black "Vine, Elzbieta"]
[Result "1-0"]
[WhiteTitle "WGM"]
[BlackTitle "WFM"]
[WhiteElo "2328"]
[BlackElo "2138"]
[WhiteFideId "8605912"]
[BlackFideId "1119320"]
[EventDate "2021.05.30"]

1. d4 d5 2. c4 c6 3. Nf3 Nf6 4. Nc3 Bg4 5. Ne5 Bf5 6. e3 Nbd7 7. cxd5 cxd5 8.
Qb3 Nb6 9. Bb5+ Nfd7 10. g4 Be6 11. Nxd7 Bxd7 12. Nxd5 Nxd5 13. Bc4 e6 14. O-O
Be7 15. e4 Nf6 16. g5 Nxe4 17. Bd3 Bc6 18. Bb5 O-O 19. Bxc6 bxc6 20. h4 Qd6 21.
Qf3 1-0

[Event "Women's Speed Chess Q3"]
[Site "chess.com INT"]
[Date "2021.05.30"]
[Round "5"]
[White "Tarasova, Viktoriya"]
[Black "Belanoff, Ted"]
[Result "1-0"]
[WhiteTitle "WIM"]
[WhiteElo "2226"]
[BlackElo "2039"]
[WhiteFideId "4175840"]
[BlackFideId "2070588"]
[EventDate "2021.05.30"]

1. d4 Nf6 2. c4 g6 3. Nc3 d5 4. cxd5 Nxd5 5. e4 Nxc3 6. bxc3 Bg7 7. Bc4 c5 8.
Ne2 cxd4 9. cxd4 O-O 10. O-O Nc6 11. Be3 Na5 12. Bd3 a6 13. Rc1 b5 14. Qd2 Nc4
15. Bxc4 bxc4 16. Rxc4 Be6 17. d5 Bd7 18. Bd4 Bb5 19. Bxg7 Kxg7 20. Rc2 e5 21.
Rfc1 Qh4 22. Nc3 Bd7 23. f3 Rab8 24. Ne2 Bb5 25. Qc3 Qg5 26. Ng3 Rfc8 27. Qxc8
Rxc8 28. Rxc8 Qe3+ 29. Kh1 h5 30. h3 h4 31. Nf1 Qf2 32. Nh2 a5 33. Ng4 Qg3 34.
R8c7 a4 35. d6 Qf4 36. Rd1 1-0

[Event "Women's Speed Chess Q3"]
[Site "chess.com INT"]
[Date "2021.05.30"]
[Round "5"]
[White "Sviridova, Vlada"]
[Black "Samaganova, Alexandra"]
[Result "1-0"]
[WhiteTitle "WFM"]
[BlackTitle "WFM"]
[WhiteElo "2144"]
[BlackElo "1993"]
[WhiteFideId "24109606"]
[BlackFideId "13800221"]
[EventDate "2021.05.30"]

1. d4 Nf6 2. c4 e6 3. Nf3 b6 4. g3 Bb7 5. Bg2 Be7 6. O-O O-O 7. Nc3 Ne4 8. Bd2
Nxc3 9. Bxc3 Be4 10. Qd2 f5 11. Rfe1 d6 12. Bf1 Nd7 13. Qe3 Rf6 14. Ng5 Rg6 15.
Nxe4 fxe4 16. Qxe4 Qf8 17. Bh3 Re8 18. Bxe6+ Kh8 19. Bxd7 Rd8 20. Bf5 Rf6 21.
Bh3 Rxf2 22. Rf1 Rxf1+ 23. Rxf1 Qg8 24. Be6 Qe8 25. d5 Qh5 26. Rf7 Bf8 27. Qf3
Qxf3 28. exf3 h6 29. g4 Kh7 30. h4 Re8 31. g5 hxg5 32. hxg5 Kg6 33. f4 Kh5 34.
Kg2 Kh4 35. Kf3 a5 36. Bd4 a4 37. Bf2+ Kh5 38. Bg4+ Kg6 39. Rxc7 Be7 40. f5+
Kxg5 41. Be3+ Kh4 42. Bf4 Bf6 43. Bg3+ Kg5 44. Bxd6 Re1 45. Bf4+ Kh4 46. Bg3+
Kg5 47. Bxe1 1-0

[Event "Women's Speed Chess Q3"]
[Site "chess.com INT"]
[Date "2021.05.30"]
[Round "5"]
[White "Novikova, Anna"]
[Black "Kiolbasa, Oliwia"]
[Result "0-1"]
[WhiteTitle "WIM"]
[BlackTitle "WIM"]
[WhiteElo "2247"]
[BlackElo "2255"]
[WhiteFideId "4146794"]
[BlackFideId "1154613"]
[EventDate "2021.05.30"]

1. e4 e5 2. Nf3 Nc6 3. Bc4 Bc5 4. d3 Nf6 5. Bb3 O-O 6. O-O d6 7. c3 a5 8. a4 h6
9. Nbd2 Be6 10. Bc2 Qb8 11. Nc4 Nxe4 12. Ncxe5 Nxf2 13. Rxf2 Bxf2+ 14. Kxf2 Nxe5
15. d4 Nxf3 16. Qxf3 Qd8 17. Qg3 Qf6+ 18. Kg1 Rae8 19. Bd2 Bc4 20. Re1 Rxe1+ 21.
Qxe1 Qe6 22. Qxe6 Bxe6 23. Kf2 c6 24. h3 b5 25. axb5 cxb5 26. Bd3 Bc4 27. Bc2 a4
28. Kf3 Ra8 29. Kf2 a3 30. bxa3 Rxa3 31. Be4 Kf8 32. Ke3 Ke7 33. Bc6 Ra1 34. Bf3
Rb1 35. d5 f5 36. Kd4 g5 37. g3 Rb2 38. Ke3 f4+ 39. gxf4 gxf4+ 40. Kxf4 Rxd2 0-1